Geochemical aspects of formation of ferromanganese ores in shelf regions of recent seas

Elmentve itt :
Bibliográfiai részletek
Szerző: Varentsov Igor M.
Dokumentumtípus: Cikk
Megjelent: University of Szeged, Department of Mineralogy, Geochemistry and Petrology Szeged 1973
Sorozat:Acta mineralogica-petrographica 21 No. 1
Kulcsszavak:Geokémia, Kőzettan, Ásványtan, Földtan
Tárgyszavak:
Online Access:http://acta.bibl.u-szeged.hu/24565
LEADER 00884nab a2200205 i 4500
001 acta24565
005 20220722133947.0
008 161017s1973 hu o 0|| eng d
022 |a 0365-8066 
040 |a SZTE Egyetemi Kiadványok Repozitórium  |b hun 
041 |a eng 
100 1 |a Varentsov Igor M. 
245 1 0 |a Geochemical aspects of formation of ferromanganese ores in shelf regions of recent seas  |h [elektronikus dokumentum] /  |c  Varentsov Igor M. 
260 |a University of Szeged, Department of Mineralogy, Geochemistry and Petrology  |b Szeged  |c 1973 
300 |a 141-153 
490 0 |a Acta mineralogica-petrographica  |v 21 No. 1 
650 4 |a Természettudományok 
650 4 |a Föld- és kapcsolódó környezettudományok 
695 |a Geokémia, Kőzettan, Ásványtan, Földtan 
856 4 0 |u http://acta.bibl.u-szeged.hu/24565/1/mineralogica_021_fasc_001_141-153.pdf  |z Dokumentum-elérés